Name a Bible Book Quiz Stats

 Plays Quiz Updated Jul 3, 2017

Support Sporcle.
Go Orange.
Score 0/20 Timer 05:00
0 Plays Today
Category Bible Book % Correct
...begins with the letter J?Judges...
97%
...is 4 letters long?Mark...
96.9%
...begins with the letter E?Ephesians...
92.5%
...is a New Testament Gospel?Matthew...
92.3%
...contains the number 2 (or 2nd)?2 Kings...
90.8%
...is named after a woman?Ruth and Esther
89.1%
...ends in a vowel?Malachi...
85%
...is part of the Pentateuch?Genesis...
83.6%
...begins with the letter A?Amos and Acts
81.8%
...begins with the letter H?Habakkuk...
79.6%
Category Bible Book % Correct
...is 3 letters long?Job
79.4%
...traditionally believed to have been written by Paul?Galatians...
78.4%
...was written by a major prophet?Isaiah...
73%
...contains the number 3 (or 3rd)?3 John
67.2%
...begins with the letter Z?Zephaniah and Zechariah
64.5%
...begins with the letter O?Obadiah
63.2%
...contains the letter Y?Deuteronomy...
62.9%
...contains 4 unique vowels?Revelation...
47.6%
...begins and ends in a vowel?Ezra
46.1%
...is also known as Canticles?Song of Solomon
37.4%

You're not logged in!

Compare scores with friends on all Sporcle quizzes.
OR
Log In
Forgot?

From the Vault

Remove Ads.
Support Sporcle.
Get the best of Sporcle when you Go Orange. This ad-free experience offers more features, more stats, and more fun while also helping to support Sporcle. Thank you for becoming a member.

Show Comments

Extras

Top Quizzes Today


Score Distribution

Your Account Isn't Verified!

In order to create a playlist on Sporcle, you need to verify the email address you used during registration. Go to your Sporcle Settings to finish the process.

Report this User

Report this user for behavior that violates our Community Guidelines.

Details: